[Event "European Club Cup 2019"]
[Site "Budva MNE"]
[Date "2019.11.13"]
[Round "4"]
[White "Matlakov, Maxim"]
[Black "Vidit, Santosh Gujrathi"]
[Result "1/2-1/2"]
[WhiteElo "2710"]
[BlackElo "2722"]
[PlyCount "133"]
[EventDate "2019.11.10"]
[WhiteTeam "Mednyi Vsadnik"]
[BlackTeam "AVE Novy Bor"]

1. Nf3 Nf6 2. g3 d5 3. Bg2 c5 4. O-O g6 5. d4 cxd4 6. Nxd4 Bg7 7. Nb3 Nc6 8.
Nc3 e6 9. e4 d4 10. e5 dxc3 11. Bxc6+ bxc6 12. Qxd8+ Kxd8 13. Bg5 h6 14. exf6
hxg5 15. Rad1+ Kc7 16. fxg7 Rg8 17. bxc3 Rxg7 18. Nc5 g4 19. Rfe1 Rb8 20. Rd4
Rb2 21. Ra4 Rxc2 22. Rb1 a6 23. Nxa6+ Bxa6 24. Rxa6 Rxc3 25. Rb4 Kd6 26. Ra7 e5
27. a4 Ke6 28. Rbb7 Rg8 29. Rxf7 Rb8 30. Kg2 Ra8 31. Rfe7+ Kf6 32. Rf7+ Ke6 33.
Rae7+ Kd6 34. Rg7 Rc2 35. Ref7 Ke6 36. a5 Rxa5 37. Rf8 Ra4 38. Rxg6+ Kd5 39.
Rd8+ Kc5 40. Rxc6+ Kxc6 41. Rc8+ Kd5 42. Rxc2 Ra3 43. h3 gxh3+ 44. Kxh3 Ke6 45.
Kh4 Rf3 46. Kg5 Kf7 47. Re2 Kg7 48. Ra2 e4 49. Kg4 Kg6 50. Re2 Rf8 51. Kh3 Kf5
52. Ra2 Rh8+ 53. Kg2 Rb8 54. Ra5+ Kf6 55. g4 Re8 56. Rf5+ Kg6 57. Kf1 e3 58. f3
e2+ 59. Ke1 Re3 60. Rf8 Kg7 61. Rf4 Kg6 62. Rf5 Kg7 63. f4 Re4 64. g5 Kg8 65.
Rf6 Kg7 66. f5 Re5 67. Rg6+ 1/2-1/2

[Event "European Club Cup 2019"]
[Site "Budva MNE"]
[Date "2019.11.13"]
[Round "4"]
[White "Navara, David"]
[Black "Alekseenko, Kirill"]
[Result "1/2-1/2"]
[WhiteElo "2703"]
[BlackElo "2715"]
[PlyCount "178"]
[EventDate "2019.11.10"]
[WhiteTeam "AVE Novy Bor"]
[BlackTeam "Mednyi Vsadnik"]

1. d4 Nf6 2. c4 e6 3. Nc3 Bb4 4. Qc2 O-O 5. a3 Bxc3+ 6. Qxc3 d5 7. Nf3 dxc4 8.
Qxc4 b6 9. Bg5 Ba6 10. Qa4 h6 11. Bh4 c5 12. dxc5 bxc5 13. Rd1 Qb6 14. Bxf6
gxf6 15. e3 Bxf1 16. Kxf1 Nc6 17. g3 Rfd8 18. Kg2 Qc7 19. Qg4+ Kh7 20. Rc1 Qb7
21. Qf4 Ne5 22. Qxf6 Ng4 23. Qc3 Qe4 24. Rhd1 Rxd1 25. Rxd1 Nxh2 26. Qd3 Qxd3
27. Rxd3 Nxf3 28. Kxf3 Rb8 29. b3 Kg6 30. Rc3 f5 31. g4 fxg4+ 32. Kxg4 h5+ 33.
Kg3 Rb7 34. Rxc5 Rxb3 35. Ra5 Rb7 36. Re5 Rg7 37. Kf3 Rf7+ 38. Ke2 Re7 39. f4
h4 40. Kf3 h3 41. Kg3 Kf6 42. Kxh3 Rc7 43. Kg4 Rc3 44. a4 Ra3 45. a5 a6 46. Kf3
Ra4 47. Ke2 Ra3 48. Rh5 Ra2+ 49. Kf3 Ra3 50. Rh6+ Kf7 51. Rh5 Kf6 52. Rc5 Ra1
53. e4 Rf1+ 54. Kg3 Re1 55. Rc4 Ra1 56. Rc5 Re1 57. Rc4 Rg1+ 58. Kf3 Rf1+ 59.
Ke3 Ra1 60. Rc5 Re1+ 61. Kd3 Rf1 62. Rc6 Rxf4 63. Kd4 Rf1 64. Rxa6 Ra1 65. Ra8
Ra4+ 66. Kc5 Ke5 67. Kb5 Rxe4 68. a6 Re1 69. Rd8 Rb1+ 70. Kc6 Ra1 71. Kb7 Rb1+
72. Kc7 Rc1+ 73. Kb7 Rb1+ 74. Ka7 Ra1 75. Rd7 Kf4 76. Rf7+ Ke4 77. Kb6 e5 78.
a7 Kd3 79. Rd7+ Kc4 80. Re7 Kd4 81. Rd7+ Kc4 82. Rd1 Rxa7 83. Kxa7 e4 84. Kb6
e3 85. Kc6 e2 86. Ra1 Kd3 87. Kd5 Kd2 88. Ke4 e1=Q+ 89. Rxe1 Kxe1 1/2-1/2

[Event "European Club Cup 2019"]
[Site "Budva MNE"]
[Date "2019.11.13"]
[Round "4"]
[White "Efimenko, Zahar"]
[Black "Rapport, Richard"]
[Result "0-1"]
[WhiteElo "2601"]
[BlackElo "2752"]
[PlyCount "138"]
[EventDate "2019.11.10"]
[WhiteTeam "Beer Sheva"]
[BlackTeam "Obiettivo Risarcimento Padova"]

1. e4 c5 2. Nf3 e6 3. d4 cxd4 4. Nxd4 Nc6 5. Nc3 Qc7 6. Be2 a6 7. O-O Nf6 8.
Be3 Bb4 9. Na4 Be7 10. Nxc6 bxc6 11. Nb6 Rb8 12. Nxc8 Qxc8 13. Bd4 c5 14. Be5
Rb6 15. Qd3 d6 16. Bc3 O-O 17. b3 d5 18. exd5 Nxd5 19. Be5 Rd8 20. Rad1 Bd6 21.
Qg3 Bxe5 22. Qxe5 Qb8 23. Qxb8 Rdxb8 24. Bc4 Nf6 25. Rfe1 Kf8 26. f4 g6 27. h3
h5 28. g3 a5 29. Kg2 Ke7 30. Kf3 Rh8 31. Rd2 Rd6 32. Rxd6 Kxd6 33. Rd1+ Ke7 34.
Bb5 Rg8 35. h4 Rb8 36. Bc4 Nd7 37. Bd3 Nb6 38. Be4 Nc8 39. Bd3 Na7 40. Ke3 Nc6
41. c3 Na7 42. Rb1 Nc8 43. a3 Nb6 44. c4 Nc8 45. Kd2 Nd6 46. Kc3 Nf5 47. Bxf5
gxf5 48. Re1 Kd6 49. Re3 Kc6 50. Kd2 Rd8+ 51. Ke2 a4 52. bxa4 Ra8 53. Rb3 Rxa4
54. Kd3 f6 55. Rc3 e5 56. fxe5 fxe5 57. Ke3 Kd6 58. Rd3+ Ke6 59. Rc3 Ke7 60.
Kf3 e4+ 61. Kf4 Ke6 62. Rb3 Rxc4 63. Rb6+ Kd5 64. Rf6 Rc1 65. a4 Rf1+ 66. Ke3
c4 67. Ke2 c3 68. Kxf1 c2 69. Rxf5+ Kd4 0-1

[Event "European Club Cup 2019"]
[Site "Budva MNE"]
[Date "2019.11.13"]
[Round "4"]
[White "Galburd, Yan"]
[Black "Howell, David W L"]
[Result "1-0"]
[WhiteElo "2429"]
[BlackElo "2701"]
[PlyCount "143"]
[EventDate "2019.11.10"]
[WhiteTeam "Rehovot"]
[BlackTeam "Valerenga"]

1. e4 c5 2. Nf3 e6 3. g3 Nc6 4. Bg2 Nf6 5. Qe2 e5 6. O-O g6 7. c3 d6 8. Rd1 Qe7
9. d3 Bg7 10. Bg5 O-O 11. Nbd2 h6 12. Bxf6 Qxf6 13. Nc4 b5 14. Ne3 a5 15. a4 b4
16. Nd2 Rb8 17. Ndc4 Qd8 18. Nd5 Be6 19. Rac1 Qd7 20. Rf1 Rbe8 21. Qd2 Qd8 22.
Ra1 Kh7 23. Rae1 h5 24. h4 Bxd5 25. exd5 Ne7 26. Qc2 f5 27. Nd2 Bh6 28. Nc4 Ng8
29. Bf3 Nf6 30. Kg2 Rf7 31. Qb1 Rfe7 32. Kg1 Kh8 33. Qc2 g5 34. hxg5 Bxg5 35.
Kg2 e4 36. dxe4 fxe4 37. Bxh5 Nxh5 38. Rh1 Rh7 39. Rxe4 Rg8 40. Qd1 Nf6 41. Re6
Qd7 42. Nxd6 Qg7 43. Rxh7+ Nxh7 44. Qh5 Rf8 45. Ne4 Qf7 46. Qxf7 Rxf7 47. Nxc5
bxc3 48. bxc3 Nf6 49. c4 Bc1 50. Nb3 Ba3 51. Nxa5 Kg7 52. Nc6 Bc5 53. f4 Rb7
54. a5 Rb2+ 55. Kh3 Rb3 56. Re2 Nh5 57. Kg4 Nxg3 58. Rg2 Nf1 59. Kf5+ Kf8 60.
Ke6 Ne3 61. Rg3 Rb7 62. d6 Bxd6 63. Rxe3 Bc5 64. Re5 Bf2 65. c5 Rb1 66. a6 Ra1
67. a7 Ke8 68. Kd6+ Kf7 69. Kc7 Bg3 70. Kb7 Rb1+ 71. Ka6 Ra1+ 72. Na5 1-0

[Event "European Club Cup 2019"]
[Site "Budva MNE"]
[Date "2019.11.13"]
[Round "4"]
[White "Mamedyarov, Shakhriyar"]
[Black "Indjic, Aleksandar"]
[Result "1-0"]
[WhiteElo "2772"]
[BlackElo "2646"]
[PlyCount "113"]
[EventDate "2019.11.10"]
[WhiteTeam "Alkaloid"]
[BlackTeam "Itaka"]

1. d4 Nf6 2. c4 c5 3. d5 g6 4. Nc3 Bg7 5. e4 d6 6. Nge2 e6 7. Ng3 exd5 8. cxd5
h5 9. Be2 a6 10. a4 Qe7 11. Bg5 Qe5 12. h4 Nh7 13. Be3 Qe7 14. Qd2 Nd7 15. f4
Ndf6 16. e5 dxe5 17. d6 Qe6 18. O-O exf4 19. Bxf4 O-O 20. Rae1 Qb3 21. Be5 Be6
22. Bf3 Rad8 23. Qf4 Bc4 24. Be2 Bxe2 25. Rxe2 Rfe8 26. Rf3 Qe6 27. a5 Qd7 28.
Qc4 Ng4 29. Bxg7 Rxe2 30. Ngxe2 Kxg7 31. Ne4 Ne5 32. Qc3 Re8 33. Rd3 Nf6 34.
Nxf6 Kxf6 35. Rd5 Qf5 36. Ng3 Qf4 37. Rxc5 Rd8 38. Ne2 Qe4 39. Ng3 Qf4 40. Rd5
Ke6 41. Qb3 Nf3+ 42. gxf3 Qxg3+ 43. Kf1 Qh3+ 44. Kg1 Qg3+ 45. Kf1 Qh3+ 46. Ke2
Qh2+ 47. Kd3 Kf6 48. Qb4 Rd7 49. Kc3 Kg7 50. Qd4+ Kh7 51. Kb3 Qe2 52. Qe4 Qxe4
53. fxe4 f6 54. Kc4 Kg7 55. Rd3 Kf7 56. Kd5 Rd8 57. Rc3 1-0

[Event "European Club Cup 2019"]
[Site "Budva MNE"]
[Date "2019.11.13"]
[Round "4"]
[White "Ivic, Velimir"]
[Black "Andreikin, Dmitry"]
[Result "1/2-1/2"]
[WhiteElo "2531"]
[BlackElo "2733"]
[PlyCount "61"]
[EventDate "2019.11.10"]
[WhiteTeam "Itaka"]
[BlackTeam "Alkaloid"]

1. e4 e5 2. Nf3 Nc6 3. Bb5 Nf6 4. O-O Nxe4 5. Re1 Nd6 6. Nxe5 Be7 7. Bf1 Nf5 8.
Nf3 O-O 9. d4 d5 10. Nc3 Bb4 11. h3 Nh4 12. Ne5 Ng6 13. Nxg6 fxg6 14. a3 Be7
15. Be3 Kh8 16. g4 Nb8 17. Bg2 c6 18. Qd2 Na6 19. Bf4 Nc7 20. Be5 g5 21. Bxc7
Qxc7 22. Bxd5 Bxg4 23. hxg4 cxd5 24. Nxd5 Qd7 25. Rxe7 Qxg4+ 26. Kf1 Qf3 27.
Kg1 Qg4+ 28. Kf1 Qh3+ 29. Kg1 Qg4+ 30. Kf1 Qh4 31. Kg1 1/2-1/2

[Event "European Club Cup 2019"]
[Site "Budva MNE"]
[Date "2019.11.14"]
[Round "5"]
[White "Rapport, Richard"]
[Black "Mamedov, Rauf"]
[Result "1/2-1/2"]
[WhiteElo "2752"]
[BlackElo "2648"]
[PlyCount "61"]
[EventDate "2019.11.10"]
[WhiteTeam "Obiettivo Risarcimento Padova"]
[BlackTeam "Vugar Gashimov"]

1. d4 Nf6 2. c4 g6 3. Nc3 Bg7 4. e4 d6 5. Nf3 O-O 6. Be3 c6 7. Be2 e5 8. d5 Na6
9. Nd2 Bd7 10. a3 Rc8 11. b4 cxd5 12. exd5 Ne8 13. Nb3 f5 14. Bxa7 b6 15. O-O
Ra8 16. Nb5 Rf7 17. a4 Nxb4 18. Qd2 e4 19. a5 bxa5 20. Rxa5 Bxb5 21. cxb5 Rfxa7
22. Rxa7 Rxa7 23. Qxb4 Qb6 24. Nd2 Ra2 25. Nc4 Qd4 26. Qe1 Nf6 27. b6 Nd7 28.
b7 Qc5 29. Kh1 Qc7 30. f3 Qxb7 31. fxe4 1/2-1/2

[Event "European Club Cup 2019"]
[Site "Budva MNE"]
[Date "2019.11.14"]
[Round "5"]
[White "Asadli, Vugar"]
[Black "Adams, Michael"]
[Result "1/2-1/2"]
[WhiteElo "2513"]
[BlackElo "2692"]
[PlyCount "60"]
[EventDate "2019.11.10"]
[WhiteTeam "Vugar Gashimov"]
[BlackTeam "Obiettivo Risarcimento Padova"]

1. e4 e5 2. Nf3 Nc6 3. Bb5 a6 4. Ba4 Nf6 5. Nc3 b5 6. Bb3 Be7 7. O-O d6 8. a4
b4 9. Nd5 Na5 10. Ba2 Nxd5 11. Bxd5 c6 12. Ba2 c5 13. Bd5 Rb8 14. d3 O-O 15.
Be3 Bb7 16. Bxb7 Rxb7 17. Nd2 d5 18. exd5 Qxd5 19. Qf3 Rd7 20. Qxd5 Rxd5 21.
Nc4 Nxc4 22. dxc4 Rd7 23. Rad1 Rfd8 24. Rxd7 Rxd7 25. g4 f6 26. f3 Kf7 27. Kf2
g6 28. Ke2 Rd8 29. b3 Ke6 30. Rg1 Kf7 1/2-1/2

[Event "European Club Cup 2019"]
[Site "Budva MNE"]
[Date "2019.11.14"]
[Round "5"]
[White "Ponomariov, Ruslan"]
[Black "Dominguez Perez, Leinier"]
[Result "1/2-1/2"]
[WhiteElo "2648"]
[BlackElo "2762"]
[PlyCount "61"]
[EventDate "2019.11.10"]
[WhiteTeam "SK Joly Lysa nad Labem"]
[BlackTeam "Mednyi Vsadnik"]

1. d4 Nf6 2. c4 e6 3. g3 d5 4. Bg2 Be7 5. Nf3 O-O 6. Nc3 dxc4 7. Ne5 c5 8. dxc5
Qxd1+ 9. Nxd1 Bxc5 10. O-O Nc6 11. Bxc6 bxc6 12. Be3 Bb6 13. Bxb6 axb6 14. Nc3
Bd7 15. Rfd1 Ra7 16. Rd6 Rc8 17. Nxc4 Be8 18. Nxb6 Rb8 19. Nc4 Rb4 20. b3 Rxb3
21. axb3 Rxa1+ 22. Rd1 Rxd1+ 23. Nxd1 Kf8 24. f3 Nd7 25. Nc3 e5 26. Kf2 f6 27.
b4 Nb8 28. Nd6 Na6 29. Nxe8 Kxe8 30. b5 cxb5 31. Nxb5 1/2-1/2

[Event "European Club Cup 2019"]
[Site "Budva MNE"]
[Date "2019.11.14"]
[Round "5"]
[White "Matlakov, Maxim"]
[Black "Yemelin, Vasily"]
[Result "1/2-1/2"]
[WhiteElo "2710"]
[BlackElo "2533"]
[PlyCount "111"]
[EventDate "2019.11.10"]
[WhiteTeam "Mednyi Vsadnik"]
[BlackTeam "SK Joly Lysa nad Labem"]

1. d4 Nf6 2. c4 e6 3. Nf3 b6 4. a3 Ba6 5. Qc2 Bb7 6. Nc3 c5 7. e4 cxd4 8. Nxd4
Nc6 9. Nxc6 Bxc6 10. Bf4 Nh5 11. Be3 Bc5 12. Bxc5 bxc5 13. Qe2 g6 14. Qe3 Qb8
15. O-O-O Qf4 16. Qxf4 Nxf4 17. g3 Nh5 18. Rg1 Ke7 19. e5 f6 20. f4 g5 21.
exf6+ Nxf6 22. fxg5 Ng4 23. h4 h6 24. gxh6 Rxh6 25. Re1 Rg8 26. Bg2 Bxg2 27.
Rxg2 Nf6 28. Re5 d6 29. Rg5 Rxg5 30. hxg5 Rh1+ 31. Kc2 Nh7 32. Ne4 d5 33. cxd5
exd5 34. Nf2 Rh5 35. g6 Nf6 36. Nd3 Ne4 37. Nf4 Rg5 38. Kd3 Kd6 39. Ke3 Nf6 40.
Kf3 Ng4 41. Re2 Ne5+ 42. Kg2 a5 43. a4 c4 44. Kh3 d4 45. Re4 d3 46. Rd4+ Ke7
47. Rd5 Kf6 48. Kg2 Rg4 49. Kh3 Rg5 50. Kg2 Rg4 51. Rd6+ Kf5 52. Kf2 Nxg6 53.
Nxg6 Rxg6 54. Rxg6 Kxg6 55. Ke3 Kf5 56. b3 1/2-1/2

[Event "European Club Cup 2019"]
[Site "Budva MNE"]
[Date "2019.11.14"]
[Round "5"]
[White "Plat, Vojtech"]
[Black "Alekseenko, Kirill"]
[Result "1-0"]
[WhiteElo "2570"]
[BlackElo "2715"]
[PlyCount "91"]
[EventDate "2019.11.10"]
[WhiteTeam "SK Joly Lysa nad Labem"]
[BlackTeam "Mednyi Vsadnik"]

1. d4 Nf6 2. c4 e6 3. Nc3 Bb4 4. Qc2 d6 5. Nf3 O-O 6. g3 Qe7 7. Bg2 e5 8. dxe5
dxe5 9. O-O c6 10. a3 Bd6 11. b4 a5 12. b5 h6 13. Nd2 Be6 14. Nde4 Nbd7 15.
bxc6 bxc6 16. Qa4 Rac8 17. Rb1 Nxe4 18. Nxe4 Bc7 19. Qxc6 Bb8 20. Qa4 Rxc4 21.
Qxa5 Bc7 22. Qa7 Bd5 23. Nd2 Ra8 24. Qe3 Bxg2 25. Kxg2 Rca4 26. Ne4 Qe6 27. Rd1
Qc6 28. f3 f5 29. Qb3+ Kh7 30. Qb7 Qg6 31. Rxd7 R8a7 32. Ng5+ hxg5 33. Qb5 Bd6
34. Rxa7 Rxa7 35. Qd3 e4 36. fxe4 fxe4 37. Qd5 e3 38. Rb3 Rc7 39. Rb6 Qc2 40.
Qf3 Rf7 41. Qxf7 Qxe2+ 42. Kh3 Bf4 43. Qf5+ Kh8 44. Rb2 Qf1+ 45. Rg2 Qd1 46.
Qc8+ 1-0

[Event "European Club Cup 2019"]
[Site "Budva MNE"]
[Date "2019.11.14"]
[Round "5"]
[White "Harikrishna, Pentala"]
[Black "Edouard, Romain"]
[Result "1/2-1/2"]
[WhiteElo "2731"]
[BlackElo "2635"]
[PlyCount "62"]
[EventDate "2019.11.10"]
[WhiteTeam "AVE Novy Bor"]
[BlackTeam "KGSRL Gent"]

1. e4 e6 2. d4 d5 3. Nd2 c5 4. exd5 Qxd5 5. Ngf3 cxd4 6. Bc4 Qd7 7. O-O Nc6 8.
Nb3 Nf6 9. Bb5 a6 10. Ne5 Qd5 11. Bxc6+ bxc6 12. Qxd4 Bb7 13. Nf3 Qxd4 14.
Nfxd4 c5 15. Nf3 Bxf3 16. gxf3 c4 17. Na5 Rc8 18. b3 cxb3 19. cxb3 Nd5 20. Nc4
Bc5 21. Bd2 Ke7 22. Rfd1 Bd6 23. Rac1 Rhd8 24. Nxd6 Kxd6 25. Rc4 Rc6 26. Rh4 h6
27. Rg4 g5 28. h4 f6 29. hxg5 hxg5 30. f4 gxf4 31. Bxf4+ e5 1/2-1/2

[Event "European Club Cup 2019"]
[Site "Budva MNE"]
[Date "2019.11.14"]
[Round "5"]
[White "Fernandez, Daniel Howard"]
[Black "Vidit, Santosh Gujrathi"]
[Result "1/2-1/2"]
[WhiteElo "2444"]
[BlackElo "2722"]
[PlyCount "119"]
[EventDate "2019.11.10"]
[WhiteTeam "KGSRL Gent"]
[BlackTeam "AVE Novy Bor"]

1. e4 c5 2. Nf3 d6 3. d4 cxd4 4. Nxd4 Nf6 5. Nc3 Nc6 6. Bg5 e6 7. Qd3 a6 8.
O-O-O Bd7 9. Qg3 h6 10. Be3 Nxd4 11. Rxd4 e5 12. Rb4 b5 13. Be2 Qc7 14. Rd1 Rc8
15. a3 a5 16. Rb3 Nxe4 17. Qf3 a4 18. Qxe4 axb3 19. cxb3 Bc6 20. Qg4 d5 21. Kb1
d4 22. Nxb5 Qd7 23. Qg3 Qf5+ 24. Ka2 dxe3 25. Na7 Ra8 26. Bg4 e2 27. Re1 Qf6
28. Nxc6 Qxc6 29. Qxe5+ Be7 30. Bf3 Qc8 31. Qxg7 Rf8 32. Bxa8 Qxa8 33. Rxe2 Qc6
34. Qe5 Qd7 35. Rc2 Rg8 36. f4 Kf8 37. Rc7 f6 38. Qc3 Qe6 39. Rc8+ Kf7 40. Rxg8
Kxg8 41. Qc4 Qf7 42. a4 Kg7 43. a5 Bd6 44. a6 Qe7 45. g4 Bc5 46. f5 Qe3 47. b4
Bd4 48. Qc7+ Kf8 49. Qc2 Ke7 50. b5 Qf2 51. Qc7+ Ke8 52. Qc8+ Ke7 53. Qe6+ Kd8
54. Qd6+ Kc8 55. Qa3 Kd7 56. h4 Qc2 57. Qb4 Bc5 58. Qf4 Qd3 59. Qa4 Qd5+ 60.
Kb1 1/2-1/2

[Event "European Club Cup 2019"]
[Site "Budva MNE"]
[Date "2019.11.14"]
[Round "5"]
[White "Navara, David"]
[Black "Ris, Robert"]
[Result "0-1"]
[WhiteElo "2703"]
[BlackElo "2454"]
[PlyCount "104"]
[EventDate "2019.11.10"]
[WhiteTeam "AVE Novy Bor"]
[BlackTeam "KGSRL Gent"]

1. e4 c5 2. Nf3 e6 3. d4 cxd4 4. Nxd4 Nf6 5. Nc3 Nc6 6. Nxc6 bxc6 7. e5 Nd5 8.
Ne4 Qc7 9. f4 Qb6 10. c4 Bb4+ 11. Ke2 f5 12. exf6 Nxf6 13. Be3 Qd8 14. Nd6+
Bxd6 15. Qxd6 Bb7 16. g4 c5 17. Rg1 Ne4 18. Qd3 Qh4 19. Rd1 O-O 20. h3 Rxf4 21.
Qb3 Rf2+ 22. Bxf2 Qxf2+ 23. Kd3 Qxg1 24. Qxb7 Rf8 25. Qxe4 Rxf1 26. Rxf1 Qxf1+
27. Kc2 Qxh3 28. Qa8+ Kf7 29. Qxa7 Qg2+ 30. Kb3 Qf3+ 31. Ka4 Qc6+ 32. Ka5 e5
33. Qb8 d6 34. Qd8 h6 35. a3 e4 36. b4 cxb4 37. axb4 e3 38. b5 Qe8 39. Qh4 Qe5
40. Ka6 e2 41. Qe1 Ke7 42. b6 Kd7 43. c5 Kc6 44. Qb1 e1=Q 45. Qb5+ Kd5 46. c6+
Ke6 47. Qb3+ Qd5 48. Qc2 Qee4 49. Qxe4+ Qxe4 50. Kb7 Kd5 51. c7 Kc5+ 52. Ka7
Qc6 0-1

[Event "European Club Cup 2019"]
[Site "Budva MNE"]
[Date "2019.11.14"]
[Round "5"]
[White "Howell, David W L"]
[Black "Ivanisevic, Ivan"]
[Result "1-0"]
[WhiteElo "2701"]
[BlackElo "2598"]
[PlyCount "87"]
[EventDate "2019.11.10"]
[WhiteTeam "Valerenga"]
[BlackTeam "Sloven Ruma"]

1. Nf3 d5 2. g3 Nc6 3. d4 Bf5 4. Bg2 Nb4 5. Na3 e6 6. O-O h6 7. c3 Nc6 8. Nc2
Bd6 9. c4 Nf6 10. b3 O-O 11. Bb2 Be4 12. e3 a5 13. Qe2 Re8 14. Rfd1 a4 15. Bc3
Bf8 16. Nce1 g5 17. h3 Bg7 18. Nd3 Nd7 19. Bf1 axb3 20. axb3 Rxa1 21. Bxa1 Qe7
22. Nd2 Bg6 23. Bg2 Ra8 24. cxd5 exd5 25. Bxd5 Nxd4 26. Bxd4 Bxd4 27. Bxb7 Ra2
28. Nc1 Ra1 29. Be4 Bxe4 30. exd4 Nf6 31. f3 Qa3 32. Nc4 Qxc1 33. Rxc1 Rxc1+
34. Kf2 Rc2 35. Nd2 Bg6 36. Qe5 Rxd2+ 37. Ke1 Rd3 38. Qxf6 Rxb3 39. Qd8+ Kg7
40. Qxc7 Rxf3 41. d5 Rd3 42. Qe5+ Kg8 43. d6 Bf5 44. Ke2 1-0

[Event "European Club Cup 2019"]
[Site "Budva MNE"]
[Date "2019.11.14"]
[Round "5"]
[White "Bauer, Christian"]
[Black "Mamedyarov, Shakhriyar"]
[Result "0-1"]
[WhiteElo "2624"]
[BlackElo "2772"]
[PlyCount "88"]
[EventDate "2019.11.10"]
[WhiteTeam "Zurich Schachgesellschaft"]
[BlackTeam "Alkaloid"]

1. e4 e5 2. Nf3 Nc6 3. Bb5 a6 4. Ba4 Nf6 5. d3 b5 6. Bb3 Bc5 7. Nc3 h6 8. Nd5
d6 9. c3 Rb8 10. O-O O-O 11. Be3 Nxd5 12. Bxd5 Bxe3 13. fxe3 Ne7 14. Bb3 c5 15.
Nh4 d5 16. exd5 Nxd5 17. Qe1 Be6 18. Rd1 Re8 19. Nf5 Qg5 20. Bxd5 Bxd5 21. e4
Be6 22. Rf3 Bxf5 23. Rxf5 Qe7 24. Qg3 Qc7 25. Rdf1 Re7 26. Rf6 Rb6 27. h3 a5
28. Kh2 a4 29. R1f5 Rd6 30. a3 Qb6 31. Rxd6 Qxd6 32. Rf3 Rd7 33. Qf2 Qc6 34.
Rg3 g6 35. Rf3 Kg7 36. Qg3 Qe6 37. Qf2 c4 38. dxc4 Qxc4 39. Qb6 Qxe4 40. Qxb5
Rd2 41. Qf1 f5 42. c4 Qd4 43. c5 e4 44. Rc3 Qe5+ 0-1

[Event "European Club Cup 2019"]
[Site "Budva MNE"]
[Date "2019.11.14"]
[Round "5"]
[White "Andreikin, Dmitry"]
[Black "Pelletier, Yannick"]
[Result "1-0"]
[WhiteElo "2733"]
[BlackElo "2561"]
[PlyCount "69"]
[EventDate "2019.11.10"]
[WhiteTeam "Alkaloid"]
[BlackTeam "Zurich Schachgesellschaft"]

1. e4 e6 2. d4 d5 3. Nc3 Nf6 4. e5 Nfd7 5. f4 c5 6. Nf3 Nc6 7. Be3 cxd4 8. Nxd4
Bc5 9. Qd2 Bxd4 10. Bxd4 Nxd4 11. Qxd4 Qb6 12. Qxb6 Nxb6 13. Nb5 Ke7 14. b3 f6
15. Kd2 Bd7 16. Nd4 fxe5 17. fxe5 Raf8 18. g3 g5 19. h4 Rhg8 20. hxg5 Rxg5 21.
Rxh7+ Rf7 22. Rxf7+ Kxf7 23. Bd3 Rxg3 24. Rf1+ Ke7 25. Rh1 a6 26. Rh7+ Kf8 27.
a4 Rg7 28. Rh8+ Rg8 29. Rxg8+ Kxg8 30. a5 Nc8 31. Kc3 Kf7 32. Kb4 Ke7 33. Kc5
Be8 34. c4 dxc4 35. bxc4 1-0

[Event "St Louis Winter A 2019"]
[Site "Saint Louis USA"]
[Date "2019.11.13"]
[Round "4"]
[White "Sethuraman, S.P."]
[Black "Erdos, Viktor"]
[Result "1-0"]
[WhiteElo "2634"]
[BlackElo "2613"]
[PlyCount "81"]
[EventDate "2019.11.10"]

1. e4 e5 2. Nf3 Nc6 3. Bb5 a6 4. Ba4 Nf6 5. O-O Bc5 6. c3 O-O 7. d4 Ba7 8. Bg5
h6 9. Bh4 exd4 10. Re1 d6 11. Bxc6 dxc3 12. Nxc3 bxc6 13. Qc1 Re8 14. e5 dxe5
15. Ne4 Re6 16. Nxe5 Nxe4 17. Bxd8 Bxf2+ 18. Kh1 Bxe1 19. Qf4 Bb4 20. Qxf7+ Kh8
21. Ng6+ Kh7 22. Nf4 Re5 23. Qg6+ Kg8 24. Qxc6 Nf2+ 25. Kg1 Bc5 26. h3 Bb7 27.
Qxb7 Rxd8 28. Kh2 Bd6 29. Qb3+ Kh7 30. Qc2+ Re4 31. g3 Bxf4 32. gxf4 Nd3 33.
Rd1 Re3 34. Qxc7 Rde8 35. Rg1 R8e7 36. Qd6 Ne1 37. Rg3 R3e6 38. Qd4 h5 39. Kh1
g6 40. f5 gxf5 41. Qf4 1-0

[Event "St Louis Winter A 2019"]
[Site "Saint Louis USA"]
[Date "2019.11.13"]
[Round "4"]
[White "Oparin, Grigoriy"]
[Black "Sarana, Alexey"]
[Result "1/2-1/2"]
[WhiteElo "2657"]
[BlackElo "2664"]
[PlyCount "60"]
[EventDate "2019.11.10"]

1. c4 e5 2. Nc3 Nf6 3. Nf3 Nc6 4. e4 Bc5 5. Nxe5 Nxe5 6. d4 Bb4 7. dxe5 Nxe4 8.
Qf3 Nxc3 9. bxc3 Ba5 10. Ba3 d6 11. exd6 O-O 12. Be2 Bg4 13. dxc7 Qxc7 14. Qxg4
Bxc3+ 15. Kf1 Bxa1 16. Bxf8 Rxf8 17. g3 Bf6 18. Kg2 Rd8 19. Rd1 Rxd1 20. Bxd1
g6 21. Qe4 Qc6 22. Qxc6 bxc6 23. c5 Bd4 24. Ba4 Bxc5 25. Bxc6 f5 26. h4 Kg7 27.
f4 h5 28. Kf3 Kf6 29. Bd5 Bd4 30. a4 a5 1/2-1/2

[Event "St Louis Winter A 2019"]
[Site "Saint Louis USA"]
[Date "2019.11.13"]
[Round "4"]
[White "Xiong, Jeffery"]
[Black "Naroditsky, Daniel"]
[Result "1/2-1/2"]
[WhiteElo "2712"]
[BlackElo "2613"]
[PlyCount "169"]
[EventDate "2019.11.10"]

1. e4 e5 2. Nf3 Nc6 3. Bc4 Bc5 4. c3 Nf6 5. d3 a6 6. O-O Ba7 7. a4 d6 8. Nbd2
h6 9. b4 Ne7 10. d4 exd4 11. cxd4 d5 12. Bd3 dxe4 13. Nxe4 Ned5 14. Nxf6+ Qxf6
15. Qe2+ Be6 16. b5 a5 17. Bd2 Bb6 18. Qe1 Bxd4 19. Nxd4 Qxd4 20. Ra3 O-O 21.
Qc1 Rfe8 22. Bb1 f5 23. Rg3 Kh7 24. Re1 Qf6 25. Ba2 f4 26. Rf3 Bf7 27. Rxe8
Rxe8 28. Bxa5 Kg8 29. Bd2 Qd4 30. Bxd5 Qxd5 31. Bxf4 Qc5 32. Rc3 Qd4 33. h3 Re2
34. Be3 Qe4 35. Qd1 Bd5 36. f3 Qe5 37. Qd4 Qxd4 38. Bxd4 c6 39. bxc6 Bxc6 40.
a5 Ra2 41. Rc5 Rd2 42. Bc3 Rd6 43. h4 Kf7 44. Kf2 Rd5 45. Rc4 Bb5 46. Rf4+ Kg8
47. Rg4 Rd7 48. Rg6 Bd3 49. Rb6 Ba6 50. g4 Rc7 51. Bd4 Rd7 52. Bc3 Rc7 53. Be5
Rd7 54. f4 Kh7 55. Ke3 h5 56. gxh5 Rd3+ 57. Ke4 Rh3 58. Re6 Rxh4 59. Rg6 Rxh5
60. Rxg7+ Kh6 61. f5 Rh4+ 62. Kd5 Ra4 63. Ke6 Bc4+ 64. Kf6 Rxa5 65. Rg4 Ra6+
66. Ke7 b5 67. Bd6 Ra7+ 68. Kf6 Rf7+ 69. Ke5 Kh7 70. f6 Rd7 71. Rg3 Kh6 72. Kf5
Kh7 73. Be5 Rb7 74. Kg5 Bf7 75. Kf5 Bc4 76. Bd6 Rd7 77. Ke5 Bf7 78. Rg7+ Kh8
79. Rg4 Kh7 80. Be7 Kh8 81. Rh4+ Kg8 82. Bd6 Ra7 83. Rg4+ Kh8 84. Bf8 Rd7 85.
Bd6 1/2-1/2

[Event "St Louis Winter A 2019"]
[Site "Saint Louis USA"]
[Date "2019.11.13"]
[Round "4"]
[White "Sevian, Samuel"]
[Black "Gabuzyan, Hovhannes"]
[Result "1/2-1/2"]
[WhiteElo "2657"]
[BlackElo "2616"]
[PlyCount "163"]
[EventDate "2019.11.10"]

1. d4 Nf6 2. c4 c5 3. d5 e6 4. Nc3 exd5 5. cxd5 d6 6. Nf3 g6 7. Nd2 Bg7 8. e4
O-O 9. Be2 Na6 10. O-O Ne8 11. Nc4 f5 12. exf5 Bxf5 13. Bf4 Nb4 14. Qd2 Qd7 15.
Ne3 Nd3 16. Bg3 Ne5 17. Rae1 Nc7 18. Kh1 b5 19. f4 Nf7 20. Nxf5 gxf5 21. Bh4
Rae8 22. Bf3 Nh8 23. Ne2 Ng6 24. Bf2 b4 25. Ng3 Qa4 26. Rxe8 Nxe8 27. b3 Qd7
28. Ne2 Nf6 29. Qc2 Ng4 30. Bg1 Nh4 31. Ng3 Nxf3 32. Rxf3 Qf7 33. h3 Nh6 34.
Qd1 Re8 35. Re3 Bf6 36. Nf1 Rxe3 37. Nxe3 Bd4 38. Nc4 Qxd5 39. Bxd4 cxd4 40.
Qe1 a5 41. Qe8+ Kg7 42. Qd7+ Nf7 43. Ne5 h5 44. Kh2 h4 45. Nxf7 Qxf7 46. Qxd6
Qf6 47. Qd5 Kh6 48. Kg1 Qe7 49. Qxd4 Qe1+ 50. Kh2 Qg3+ 51. Kh1 Qe1+ 52. Kh2
Qg3+ 53. Kh1 Qe1+ 54. Qg1 Qxg1+ 55. Kxg1 Kg6 56. Kf2 Kf6 57. Kf3 Kf7 58. Ke2
Ke6 59. Ke3 Ke7 60. Kd3 Kd7 61. Kd4 Kd6 62. Ke3 Ke7 63. Kf2 Kf6 64. Kf1 Kf7 65.
Ke1 Ke7 66. Kd1 Kd6 67. Kd2 Ke6 68. Ke2 Ke7 69. Ke3 Ke6 70. Kd2 Kd6 71. Ke2 Ke6
72. Kf3 Kf6 73. Kf2 Kf7 74. g4 hxg3+ 75. Kxg3 Kg6 76. Kf2 Kh5 77. Kf3 Kh4 78.
Kg2 Kh5 79. Kg3 Kg6 80. Kf3 Kh5 81. Kg2 Kh4 82. Kh2 1/2-1/2